BIBLIOTECA

SENCICO

Control del agrietamiento de estructura de concreto (Registro nro. 770)

Detalles MARC
000 -LEADER
fixed length control field 00796nam a2200277Ia 4500
005 - DATE AND TIME OF LATEST TRANSACTION
control field 20251020182448.0
008 - FIXED-LENGTH DATA ELEMENTS--GENERAL INFORMATION
fixed length control field 200515s9999 xx 000 0 und d
020 ## - INTERNATIONAL STANDARD BOOK NUMBER
International Standard Book Number 968-464-015-3
082 ## - DEWEY DECIMAL CLASSIFICATION NUMBER
Classification number 620.1:691.32/I 59
110 ## - MAIN ENTRY--CORPORATE NAME
Corporate name or jurisdiction name as entry element Instituto Mexicano del Cemento y del Concreto, A.C.
245 #0 - TITLE STATEMENT
Title Control del agrietamiento de estructura de concreto
250 ## - EDITION STATEMENT
Edition statement 1a ed.
260 ## - PUBLICATION, DISTRIBUTION, ETC.
Place of publication, distribution, etc. México, D.F.
260 ## - PUBLICATION, DISTRIBUTION, ETC.
Name of publisher, distributor, etc. IMCYC
260 ## - PUBLICATION, DISTRIBUTION, ETC.
Date of publication, distribution, etc. 1981
300 ## - PHYSICAL DESCRIPTION
Extent 142
300 ## - PHYSICAL DESCRIPTION
Other physical details tbl., graf.
500 ## - GENERAL NOTE
General note 1 ejemplar
520 ## - SUMMARY, ETC.
Summary, etc. Presenta las principales causas del agrietamiento en el concreto, así como los procedimientos recomendados para controlarlo.
650 ## - SUBJECT ADDED ENTRY--TOPICAL TERM
Topical term or geographic name entry element AGRIETAMIENTO
650 ## - SUBJECT ADDED ENTRY--TOPICAL TERM
Topical term or geographic name entry element CONCRETO
650 ## - SUBJECT ADDED ENTRY--TOPICAL TERM
Topical term or geographic name entry element ESTRUCTURAS
650 ## - SUBJECT ADDED ENTRY--TOPICAL TERM
Topical term or geographic name entry element PUB IMCYC
942 ## - ADDED ENTRY ELEMENTS (KOHA)
Koha item type Libros
Existencias
Fecha de la última vez que lo usaron Pago total Signatura topográfica completa Código de barras Precio efectivo desde Tipo de documento Estado perdido Estado dañado No es para préstamo Retirado Ubicación permanente Ubicación actual Fecha de adquisición
15/05/2020   620.1:691.32/I 59 Bib-Lima15050770 15/05/2020 Libros         Biblioteca Central Lima Biblioteca Central Lima 15/05/2020